| 000 | 00497nam a2200193Ia 4500 | ||
|---|---|---|---|
| 003 | OSt | ||
| 005 | 20240527101613.0 | ||
| 008 | 210210b1979 xxu||||| |||| 00| 0 eng d | ||
| 040 | _cAL | ||
| 041 | _aKannada | ||
| 082 | _aK894.3 SAYH | ||
| 100 |
_aSAYISUTE. _989278 _dಸಾಯಿಸುತೆ |
||
| 245 |
_aHradaya raga. _bಹೃದಯ ರಾಗ |
||
| 260 |
_aBengaluru _bVasavamba Prakashana _c1979 |
||
| 300 | _a214 | ||
| 690 |
_aKannada Fiction _989279 |
||
| 906 | _a034450 | ||
| 942 |
_2ddc _cBK |
||
| 999 |
_c85503 _d85503 |
||